Normal view
MARC view
- تصنيف العجلوني، إسماعيل؛ دراسة وتحقيق وتعليق أحمد مصطفى القضاة
Entry Personal Name
001 - CONTROL NUMBER
- control field: 45524
003 - CONTROL NUMBER IDENTIFIER
- control field: JO-AjAnu
005 - DATE AND TIME OF LATEST TRANSACTION
- control field: 20230606081529.0
008 - FIXED-LENGTH DATA ELEMENTS
- fixed length control field: 230606|| aca||aabn | a|a d
040 ## - CATALOGING SOURCE
- Original cataloging agency: JO-AjAnu
- Transcribing agency: JO-AjAnu
100 ## - HEADING--PERSONAL NAME
- Personal name: تصنيف العجلوني، إسماعيل؛ دراسة وتحقيق وتعليق أحمد مصطفى القضاة
670 ## - SOURCE DATA FOUND
- Source citation: Work cat.: (JO-AjAnu)23309: تصنيف العجلوني، إسماعيل؛ دراسة وتحقيق وتعليق أحمد مصطفى القضاة, author, إضاءة البدرين في ترجمة الشيخين: ( الإمام البخاري، الإمام مسلم)